000 00288nam a22001337a 4500
008 170829b xxu||||| |||| 00| 0 eng d
020 _a9780205295876
041 _aeng
080 _28TH
_a070
100 _a39
101 _aMED
245 _aCOMMUNICATION
_cBARKER,L.L
942 _2udc
_cBK
999 _c25384
_d25384